| 000 | 00436nam a22001577a 4500 | ||
|---|---|---|---|
| 003 | NUST - PNEC | ||
| 005 | 20170116181055.0 | ||
| 008 | 150930b xxu||||| |||| 00| 0 eng d | ||
| 040 | _cLIBRARY | ||
| 082 | _a625.100 DUK | ||
| 100 |
_912019 _aDukkipati, Rao V. |
||
| 245 |
_aComputer adid analysis and design of Machine elements _cDukkipati, Rao V. |
||
| 260 | _c2006 | ||
| 650 |
_912018 _aMechanical engineering _xME |
||
| 942 |
_2ddc _cBK |
||
| 999 |
_c68510 _d68510 |
||